000 00418nam a2200181 a 4500
001 000043522
003 DO-SdBNP
005 20221005093457.0
007 ta
008 140324s1997 dr 000 0 spa d
040 _aDO-SdBNP
_bspa
_cBNPHU
082 4 _222
245 0 0 _aLotus.
260 _aSanto Domingo :
_bCentu,
_c1997.
300 _a117 p. ;
_c21 cm.
590 _aInventariado, 2022/BT
942 _2ddc
_cLBS1
999 _c43011
_d43011